|
|
|
|
| LEADER |
00000nab a2200000 a 4500 |
| 001 |
vtls000794430 |
| 003 |
SK-MaSNL |
| 005 |
20260304131658.0 |
| 008 |
250429c2001 xo 0 slo |
| 015 |
|
|
|a SNBRB2002/06-18612
|
| 035 |
|
|
|a CLN000146085
|
| 035 |
|
|
|a urn:nbn:sk:snk-abnu6
|
| 035 |
|
|
|a (urnnbn)urn:nbn:sk:snk:ar-a05u01
|
| 035 |
|
|
|a (uuid)bfde91e0-e1d0-46b6-891b-1ea76341f86f
|
| 040 |
|
|
|a SNKBUCL
|b slo
|c SNKBUCL
|e AACR2
|
| 041 |
0 |
|
|a slo
|
| 044 |
|
|
|a xo
|c SK
|
| 080 |
|
|
|a 616.2-053.31-07
|2 1997
|
| 100 |
1 |
|
|a Magyarová, G.
|4 aut
|9 1148232
|
| 245 |
1 |
0 |
|a Monitorovanie respirácie u novorodencov
|c G. Magyarová, F. Bauer, D. Pásztorová
|
| 300 |
|
|
|b Obr.
|
| 650 |
0 |
7 |
|a dýchanie
|2 SNKPH
|9 16298
|
| 650 |
0 |
7 |
|a kongresy
|2 SNKPH
|9 19200
|
| 650 |
0 |
7 |
|a pľúcna ventilácia
|2 SNK
|9 567160
|
| 650 |
0 |
7 |
|a auskultácia
|2 SNK
|9 479107
|
| 650 |
0 |
7 |
|a poruchy dýchania
|2 SNKPH
|9 19524
|
| 650 |
0 |
7 |
|a dychové testy
|2 SNK
|9 1445331
|
| 650 |
0 |
7 |
|a novorodenci
|2 SNKPH
|9 1225
|
| 650 |
0 |
7 |
|a dojčatá
|2 SNKPH
|9 31365
|
| 650 |
0 |
7 |
|a deti
|2 SNKPH
|9 773
|
| 655 |
|
7 |
|a články z novín a časopisov
|2 SNK
|9 267496
|
| 700 |
1 |
|
|a Bauer, F.
|4 aut
|9 481512
|
| 700 |
1 |
|
|a Pásztorová, D.
|4 aut
|9 1445332
|
| 711 |
1 |
|
|a Neonatologické sympózium
|d (2000 :
|c Nové Zámky, Slovensko)
|4 aut
|9 111297
|
| 773 |
0 |
|
|t Neonatologické zvesti
|g Roč. 5, č. 2 (2001), s. 133-138
|x 1335-2504
|
| 850 |
|
|
|a Slovenská národná knižnica
|
| 852 |
|
|
|a Slovenská národná knižnica
|
| 954 |
|
|
|a odborná, vedecká literatúra pôvodná (slovenská)
|2 lita
|
| 958 |
|
|
|a article27
|
| 958 |
|
|
|a MI
|
| 958 |
|
|
|a OND
|
| 958 |
|
|
|a EUIPO
|
| 999 |
|
|
|c 2897413
|d 2899343
|